000 00618nam a22001937a 4500
005 20160317120333.0
008 160317b1982 ck ||||| |||| 00| 0 spa d
040 _aCO-BoIAVH
_cCO-BoIAVH
041 _aspa
044 _ack
082 1 4 _a551.709861
_bC82g
100 1 _aCortés Lombana, Abdón
_d1939-
245 1 0 _aGeografía de los suelos de Colombia /
_bAbdón Cortés Lombana.
260 _aBogotá:
_bUniversidad de Bogotá Jorge Tadeo Lozano,
_c1982.
300 _a161 páginas,
_c25 centímetros.
650 1 _aSuelos
_zColombia
650 1 _aGeografía
_zColombia
942 _2ddc
_cLIBRO
999 _c18245
_d18245